000 00371nam a2200145Ia 4500
008 230917s9999||||xx |||||||||||||| ||und||
040 _e110940
_aMAIN
041 _aEnglish
082 _a376.954 P27D
100 _aPatanjali, Prem chand
245 0 _aDevelopment of women education in india
260 _aNew Delhi
_bShree
_c2005
300 _av p. ; 280
942 _cBK
999 _c130288
_d130288